INTERNAL MODELS AND SOLVENCY II FROM REG (Record no. 30983)

MARC details
000 -LEADER
fixed length control field 00342nam a2200133Ia 4500
008 - FIXED-LENGTH DATA ELEMENTS--GENERAL INFORMATION
fixed length control field 240624s9999 xx 000 0 und d
041 ## - LANGUAGE CODE
Language code of text/sound track or separate title eng
082 ## - DEWEY DECIMAL CLASSIFICATION NUMBER
Classification number 368 CAD
100 ## - MAIN ENTRY--PERSONAL NAME
Personal name CADONI PAOLO
245 ## - TITLE STATEMENT
Title INTERNAL MODELS AND SOLVENCY II FROM REG
260 ## - PUBLICATION, DISTRIBUTION, ETC.
Date of publication, distribution, etc. 2014
Place of publication, distribution, etc. London
Name of publisher, distributor, etc. Risk Books
300 ## - PHYSICAL DESCRIPTION
Extent xxvii, 367 p,: 23 cm.
365 ## - TRADE PRICE
Currency code BPS
Price amount 20
Holdings
Withdrawn status Lost status Damaged status Not for loan Home library Current library Shelving location Date acquired Full call number Barcode Date last seen Copy number Price effective from Koha item type
        IMTN IMTN Rack 16-A 09/05/2018 368 CAD 30983 06/24/2024 94.4 06/24/2024 Books
Designed & Maintained by: LRC IMT Nagpur Contact: lrc@imtnag.ac.in© 2024. All Rights Reserved.